Top 10 Countries that Import the most Turkey - Statistics

General Stats
  • This quiz has been taken 54 times
  • The average score is 6 of 10
Answer Stats
Value Country % Correct
$247.6 m United States
98%
$399.6 m Russia
91%
$161.2 m United Kingdom
89%
$308.9 m Germany
80%
$196.4 m Brazil
58%
$329.6 m Netherlands
51%
$283.2 m Ukraine
44%
$337.2 m Argentina
40%
$168.9 m Bulgaria
24%
$157.2 m Ivory Coast
0%
No matching quizzes found
Score Distribution
Percent of People with Each Score
Percentile by Number Answered
Your Score History
You have not taken this quiz